000 01461nam a22004937a 4500
005 20250702153817.0
008 200902b2019 xxu||||| |||| 00| 0 spa d
020 _a9788497176750
041 _aESP
082 _a614.15 P293p2
100 _aPastor Bravo, Mar
_958258
245 _aPsiquiatría forense
250 _a2 edición
260 _aEspaña
260 _bUniversitat Dálacant
260 _c2019
300 _a258 páginas
490 _aInvestigación Criminal
650 _aPSIQUIATRÍA FORENSE
650 _aINVESTIGACIÓN CRIMINAL
650 _aIMPUTABILIDAD PENAL
650 _aDERECHO PENAL
650 _aDERECHO CIVIL
650 _aDERECHO LABORAL
650 _aCAPACIDAD CIVIL
650 _aMEDIDAS DE SEGURIDAD
650 _aINFORME PSIQUIÁTRICO
650 _aENFERMEDADES MENTALES
650 _aTRASTORNOS NEUROCOGNITIVOS
650 _aTRASTORNOS PSICÓTICOS
650 _aTRASTORNOS DE PERSONALIDAD
650 _aTRASTORNOS RELACIONADOS CON SUSTANCIAS
650 _aTRASTORNOS DISOCIATIVOS
650 _aTRASTORNOS DESTRUCTIVOS DEL CONTROL DE IMPULSOS Y CONDUCTA
650 _aDISCAPACIDAD INTELECTUAL
650 _aTRASTORNOS DE ANSIEDAD
650 _aTRASTORNOS OBSESIVO-COMPULSIVO
650 _aTRASTORNOS DEPRESIVOS Y BIPOLARES
650 _aVIOLENCIA DE GÉNERO
650 _aPERFIL DEL AGRESOR
650 _aVIOLENCIA SEXUAL
650 _aENFERMOS MENTALES
942 _cBK
_2ddc
999 _c12702
_d12702